Traduction Français/Anglais : I.2. The feelings ( Les sentiments ) - Statistiques

Statistiques générales
  • Ce quiz a été pris 6 fois
  • Le résultat moyen est 4 sur 50
Statistiques - réponses
Hint Réponse % Correct
l'attention, le soin care
100%
le bonheur happiness
100%
l'intuition intuition
100%
compréhensif nice
100%
la patience patience
100%
avec réserve shyly
100%
rire to laugh
100%
sourire to smile
100%
stresser to stress
100%
accueillir to welcome
100%
bienvenu welcome
100%
merveilleusement wonderfully
100%
la jalousie jealousy
67%
désolé sorry
67%
(se) calmer to calm (down)
67%
amusant amusing
50%
l'envie envy
50%
l'indulgence indulgence
50%
l'émerveillement wonder
50%
le deuil mourning
33%
triste sad
33%
une gaffe a blunder
0%
un attachement a bond
0%
une dépression a breakdown
0%
un lâche a coward
0%
un différend a difference
0%
l'admiration admiration
0%
crédule admirative
0%
un sentiment a feeling
0%
une crise, un accès a fit
0%
l'agitation agitation
0%
un héros a hero
0%
une allusion a hint
0%
admiratif amazed
0%
la stupéfaction amazement
0%
souriant amazing
0%
étonnamment amazingly
0%
une humeur a mood
0%
la colère anger
0%
avec emportement angrily
0%
agacé, contrarié angry
0%
furieux annoyed
0%
un désagrément a nuisance
0%
l'inquiétude anxiety
0%
inquiet, impatient anxious
0%
avec (bon) espoir anxiously
0%
terriblement anxiously
0%
l'apathie apathy
0%
fantastique, super appalling
0%
le charme, l'attrait appeal
0%
l'approbation approval
0%
une querelle a quarrel
0%
un reproche a reproach
0%
une récompense a reward
0%
une dispute a row / an argument
0%
honteux ashamed
0%
un signe a sign
0%
un sourire a smile
0%
stupéfait astonished
0%
l'étonnement astonishment
0%
une larme a tear
0%
un lien a tie
0%
fascinant attractive
0%
d'une façon charmante attractively
0%
en colère awesome
0%
effroyable awful
0%
horriblement awfully / terribly
0%
grincheux bad-tempered
0%
la bienveillance benevolence
0%
sévère benevolent
0%
rancunier bitter
0%
amèrement bitterly
0%
l'amertume bitterness
0%
vantard boastful
0%
en se vantant boastfully
0%
dur, durement bold
0%
avec gentillesse boldly kindly
0%
le calme calm
0%
tranquillement calmly
0%
(im)patient calm / quiet
0%
soigneusement carefully
0%
insouciant careful / prudent
0%
imprudent careless
0%
négligemment carelessly
0%
la négligence carelessness
0%
nerveux, tendu casual
0%
nerveusement casually
0%
calme challenging
0%
le charisme charisma
0%
enthousiaste, ardent charming
0%
intuitivement charmingly
0%
enjoué, gai cheerful
0%
délicieusement cheerfully
0%
intime, proche close
0%
la confiance confidence / trust
0%
digne de confiance confident
0%
avec confiance confidently
0%
des félicitations congratulations
0%
égoïste contemptible
0%
désinvolte cool
0%
avec désinvolture coolly
0%
le courage courage
0%
héroïque courageous
0%
courageusement courageously
0%
la lâcheté cowardice
0%
amer cruel
0%
cruellement cruelly
0%
la cruauté cruelty
0%
dévoué daring
0%
la tromperie deception
0%
haïssable deceptive
0%
faussement deceptively
0%
assidu, appliqué dedicated
0%
profondément deeply
0%
ravi delighted
0%
charmant delightful
0%
terriblement delightfully
0%
la joie delight / joy / mirth
0%
déprimé depressed
0%
désespéré desperate
0%
la détermination determination
0%
décidé determined
0%
la désapprobation disapproval
0%
gratifiant (dis)approving
0%
le désarroi dismay
0%
(mé)content (dis)pleased
0%
le mécontentement displeasure
0%
l'insatisfaction dissatisfaction
0%
(in)satisfait (dis)satisfied
0%
découragé downhearted
0%
terrible, affreux dreadful
0%
la terreur dread / terror
0%
avide, désireux eager
0%
à regret eagerly
0%
l'empressement eagerness
0%
bon, gentil, brave earnest
0%
l'enthousiasme enthusiasm
0%
enthousiaste enthusiastic
0%
désespérément enthusiastically
0%
sincère even-tempered
0%
l'exaspération exasperation
0%
hardi exuberant
0%
tristement faithfully
0%
charmant fascinating
0%
la peur fear
0%
audacieusement fearfully / horribly
0%
affreux, atroce fearless
0%
amitieux fond
0%
horrible formidable
0%
choquant frantic
0%
la frénésie frenzy
0%
aimable friendly
0%
l'amitié friendship
0%
l'effroi fright
0%
affolé, effrayé frightened
0%
la frustration frustration
0%
l'amusement fun
0%
drôle funny
0%
grincheux (mauvais tempérament) furious
0%
d'humeur égale genial
0%
gentil, sympathique gentle
0%
doucement gently
0%
la bienveillance goodwill
0%
la douleur, la peine grief
0%
furieux grumpy
0%
la culpabilité guilt
0%
coupable guilty
0%
la crédulité gullibility
0%
merveilleux gullible
0%
agréablement happily
0%
à peine hard
0%
(mal)heureusement hardly
0%
l'harmonie harmony
0%
méprisant hateful
0%
la haine hate, hatred
0%
audacieux heroic
0%
héroïquement heroically
0%
hilarant hilarious
0%
l'espoir hope
0%
plein d'espoir hopeful
0%
avec optimisme hopefully
0%
sans espoir hopeless
0%
volontiers hopelessly / desperately
0%
le désespoir hopelessness / despair
0%
impressionnant, terrifiant horrible
0%
l'impatience impatience
0%
calme, décontracté (im)patient
0%
calmement (im)patiently
0%
l'imprudence imprudence
0%
téméraire imprudent
0%
l'indifférence indifference
0%
indifférent indifferent
0%
tendrement indifferently
0%
intuitif (in)sensitive
0%
fidèlement intimately
0%
l'intolérance intolerance
0%
clément (in)tolerant
0%
avec intolérance intolerantly
0%
(in)tolérant intuitive
0%
calmement intuitively
0%
trompeur jealous
0%
jalousement ; avec vigilance jealously
0%
affectueux, tendre keen
0%
doux kind / kindly
0%
la gentillesse kindness
0%
larmoyant laughing
0%
le rire laughter
0%
l'amour love
0%
séduisant lovely
0%
affectueux loving / affectionate
0%
d'une manière attrayante lovingly
0%
contrarié, vexé mad
0%
follement, éperdument madly
0%
mélancolique melancholy
0%
bienveillant merciful
0%
avec clémence mercifully
0%
impitoyable merciless / pitiless
0%
gai merry
0%
lunatique moody
0%
stressé nervous
0%
avec inquiétude nervously
0%
gentiment nicely
0%
choqué offended
0%
l'optimisme optimism
0%
optimiste optimistic
0%
avec enthousiasme optimistically
0%
surpris painstaking
0%
la panique panic
0%
intrépide panic-stricken
0%
cruel pathetic
0%
pitoyablement pathetically
0%
le pessimisme pessimism
0%
pessimiste pessimistic
0%
navrant pitiful
0%
la pitié pity, mercy
0%
agréable pleasant
0%
gaiement pleasantly
0%
le plaisir pleasure
0%
la fierté pride
0%
fier proud
0%
fièrement proudly
0%
la prudence prudence
0%
prudemment prudently
0%
provocateur quarrelsome
0%
le calme, la paix quiet
0%
(im)patiemment quietly
0%
courageux rash
0%
timide reckless
0%
imprudemment recklessly
0%
la témérité recklessness
0%
la réticence reluctance
0%
réticent reluctant
0%
médiocrement reluctantly
0%
querelleur reproachful
0%
d'un air de reproche reproachfully
0%
jaloux resentful
0%
le ressentiment resentment
0%
confiant reserved
0%
la résignation resignation
0%
résigné resigned
0%
réprobateur rewarding
0%
pitoyable ruthless
0%
impitoyablement ruthlessly
0%
anxieusement ; avec impatience sadly
0%
la tristesse sadness
0%
la satisfaction satisfaction
0%
paniqué scared
0%
le mépris, le dédain scorn, contempt
0%
méprisable scornful
0%
avec mépris scornfully
0%
la séduction seduction
0%
prudent self-centered
0%
la confiance en soi self-confidence
0%
sûr de soi self-confident
0%
gêné self-conscious
0%
d'une manière gênée self-consciously
0%
la gêne self-consciousness
0%
la maîtrise de soi self-control
0%
l'amour-propre self-esteem
0%
la complaisance, le laisser-aller self-indulgence
0%
égocentrique selfish
0%
égoïstement selfishly
0%
l'égoïsme selfishness
0%
l'autosatisfaction self-satisfaction
0%
suffisant self-satisfied
0%
la sensibilité sensitivity
0%
sévèrement severely / sternly
0%
sans pitié severe, stern
0%
la sévérité severity / sternness
0%
la honte shame
0%
effronté shameless
0%
sans vergogne shamelessly
0%
le choc shock
0%
hors de soi shocked
0%
(dés)approbateur shocking
0%
timoré, craintif shy
0%
la timidité shyness
0%
sérieux, sincère sincere
0%
intimement sincerely
0%
riant, rieur smiling
0%
la peine, le chagrin sorrow
0%
la malveillance spite
0%
la tension strain
0%
le stress stress
0%
impétueux stressed
0%
la surprise surprise
0%
étonné surprised
0%
effrayé suspicious
0%
(in)sensible sympathetic
0%
avec compassion sympathetically
0%
la compassion sympathy
0%
exubérant tearful
0%
le caractère temper
0%
terrifiant terrible
0%
redoutable terrific
0%
épouvantable terrifying
0%
réservé timid
0%
timidement timidly
0%
admirer to admire
0%
mettre en colère to anger
0%
plaire à to appeal to
0%
approuver to approve (of)
0%
étonner to astonish
0%
attirer, séduire to attract
0%
supporter to bear / to stand
0%
trahir, tromper to betray
0%
faire une bévue to blunder
0%
se vanter to boast
0%
s'effondrer, craquer to break down
0%
défier; contester to challenge
0%
charmer to charm
0%
égayer to cheer up
0%
féliciter to congratulate
0%
pleurer to cry / to weep
0%
oser; défier to dare
0%
tromper to deceive
0%
désespérer to despair
0%
détester to detest / to loathe
0%
désapprouver to disapprove (of) / to frown on
0%
ne pas aimer to dislike
0%
(dé)plaire to (dis)please
0%
redouter to dread
0%
envier to envy
0%
fasciner to fascinate
0%
(res)sentir to feel
0%
faire peur à to frighten
0%
frustrer to frustrate
0%
glousser to giggle
0%
haïr to hate
0%
espérer to hope
0%
blesser to hurt
0%
s'adonner à, s'octroyer to indulge in
0%
la tolérance tolerance
0%
avec indulgence tolerantly
0%
aimer (bien) to like
0%
respecter to look up to
0%
aimer to love
0%
attirer (par la ruse) to lure
0%
se moquer de to mock / to jeer at
0%
pleurer, se lamenter to mourn
0%
offenser to offend
0%
paniquer to panic
0%
plaindre to pity
0%
promettre to promise / to pledge
0%
se disputer to quarrel / to argue
0%
reprocher to reproach (with)
0%
s'offusquer de to resent
0%
récompenser to reward
0%
satisfaire to satisfy
0%
(pres)sentir to sense
0%
choquer to shock
0%
crâner to show off
0%
soupirer to sigh
0%
se moquer de (méprisant) to sneer at
0%
sangloter to sob
0%
fatiguer, éprouver to strain
0%
bouder to sulk
0%
surprendre to surprise
0%
compatir to sympathize
0%
tolérer, supporter to tolerate / to put up with
0%
bouleverser to upset
0%
s'émerveiller de to wonder at
0%
s'inquiéter to worry
0%
sincèrement tremendously
0%
méfiant trustworthy
0%
éhonté unashamed
0%
joyeusement (un)fortunately
0%
(mal)heureux (un)happy
0%
offensé upset
0%
vaniteux vain
0%
vaniteusement ; vainement vainly
0%
la vanité, l'orgueil vanity
0%
la cordialité warmth
0%
avec impatience, ardemment willingly
0%
stupéfiant wonderful
0%
soucieux worried
0%
le souci worry
0%
Aucun quiz correspondant
Distribution des résultats
% des personnes avec chaque résultat
Percentile par nombre de réponses
Votre historique - résultats
Vous n’avez pas pris ce quiz